| 000 | 00345 a2200157 4500 | ||
|---|---|---|---|
| 001 | 76208 | ||
| 020 | _a9788583921028 | ||
| 040 | _cAnchieta - Colégio São Paulo | ||
| 100 | _aVieira, Isabel | ||
| 240 | 1 | 0 |
_aEm busca de mim _lpor |
| 245 | 1 | 0 | _aEm busca de mim |
| 300 | _a109 | ||
| 362 | 0 | _a2017 | |
| 650 | 4 | _aLiteratura juvenil | |
| 942 | _cBK | ||
| 999 |
_c76208 _d76208 |
||